A turfáni bor a mongol korban

Viticulture and viniculture play an important role in the life of the people of the Turfan region even today. The first part of the present article introduces the appearance of the grape and the viniculture in the region. The second part describes the viniculture of the Uyghurs, who settled in the r...

Teljes leírás

Elmentve itt :
Bibliográfiai részletek
Szerző: Vér Márton
Dokumentumtípus: Cikk
Megjelent: University of Szeged, Magyar Medievisztikai Kutatócsoport Szeged 2017
Sorozat:Acta Universitatis Szegediensis : acta historica 139
Kulcsszavak:Szőlőtermesztés, Borászat - Turfan - 13-14. sz.
Tárgyszavak:
Online Access:http://acta.bibl.u-szeged.hu/49728
LEADER 02087nab a2200217 i 4500
001 acta49728
005 20260127141136.0
008 171206s2017 hu o 000 eng d
022 |a 0324-6965 
040 |a SZTE Egyetemi Kiadványok Repozitórium  |b hun 
041 |a eng 
100 1 |a Vér Márton 
245 1 2 |a A turfáni bor a mongol korban  |h [elektronikus dokumentum] /  |c  Vér Márton 
260 |a University of Szeged, Magyar Medievisztikai Kutatócsoport  |b Szeged  |c 2017 
300 |a 95-106 
490 0 |a Acta Universitatis Szegediensis : acta historica  |v 139 
520 3 |a Viticulture and viniculture play an important role in the life of the people of the Turfan region even today. The first part of the present article introduces the appearance of the grape and the viniculture in the region. The second part describes the viniculture of the Uyghurs, who settled in the region in the middle of the 9th century. The third part discusses the role of the Turfan wine in the Mongol Empire and tries to evaluate the quality of it. In order to gain a better understanding, contemporary narrative sources are examined comparatively with the Old Uyghur (9–14th centuries) and Middle Mongolian (13–14th centuries) documentary (administrative, juridical, economic etc.) sources, unearthed in the Turfan region (today Xinjiang, PRC). The article argues that the Uyghurs found an already flourishing viticulture and viniculture in the region in the middle of the 9th century. Under the West Uyghur Kingdom (9th–12th centuries), viticulture and winemaking played an important role not only in the life of the laic population, but also in the economy of the Manichean and Buddhist monasteries. In the Mongol Period (13 th–14th centuries) the Turfan area was one of the most important wine producing regions of the eastern part of the Mongol Empire. 
650 4 |a Bölcsészettudományok 
650 4 |a Történettudomány és régészet 
695 |a Szőlőtermesztés, Borászat - Turfan - 13-14. sz. 
856 4 0 |u http://acta.bibl.u-szeged.hu/49728/1/historica_139_095-106.pdf  |z Dokumentum-elérés